Income Tax Ordinance, 2001 / (Record no. 616043)

000 -LEADER
fixed length control field 00334nam a22001217a 4500
082 ## - DEWEY DECIMAL CLASSIFICATION NUMBER
Classification number 343.052
Author Mark CHA
100 ## - MAIN ENTRY--PERSONAL NAME
Personal name Chaudhry, Tariq Najib
245 ## - TITLE STATEMENT
Title Income Tax Ordinance, 2001 /
Statement of responsibility, etc. Tariq Najib Chaudhry
260 ## - PUBLICATION, DISTRIBUTION, ETC.
Place of publication, distribution, etc. Lahore :
Name of publisher, distributor, etc. Tariq Najib Corporation,
Date of publication, distribution, etc. 2009.
300 ## - PHYSICAL DESCRIPTION
Extent 552 p. ;
Dimensions 24 cm.
563 ## - BINDING INFORMATION
Binding note HB.
942 ## - ADDED ENTRY ELEMENTS (KOHA)
Source of classification or shelving scheme
Koha item type Book
Holdings
Withdrawn status Lost status Source of classification or shelving scheme Damaged status Not for loan Permanent Location Current Location Date acquired Source of acquisition Total Checkouts Full call number Barcode Date last seen Price effective from Koha item type
          NUST Law School (NLS) NUST Law School (NLS) 02/03/2026 Donated by Fahad Hashmi Account Officer S3H & NLS   343.052 CHA NLSD-428 02/03/2026 02/03/2026 Book
© 2023 Central Library, National University of Sciences and Technology. All Rights Reserved.